BIBLIOTHÈQUE DE LA MAISON DU MEXIQUE

Logo 1 Logo 2

Sumarios de la recopilación general de leyes de las Indias Occidentales (notice nᵒ 1125)

détails MARC
000 -Sello discográfico
campo de control de longitud fija 01494nam a2200349 4500
005 - Identificación de versión
campo de control 20260203103854.0
010 ## - Número Estándar Internacional de Libros (ISBN)
Número (ISBN) 968-16-4275-9
035 ## - Otros números de control del sistema
Número de control del sistema 21879
099 ## - fechas locales
Tipo de ítem Koha LIBRO
100 ## - Datos de procesamiento general
Datos de procesamiento general 19960924d1994 m y1spay5003 ba
101 ## - Idioma del recurso
Idioma del texto, banda sonora, etc. Español; Castellano
105 ## - Campo de datos codificados: Material textual, monográfico
Datos codificados de monografía a 001zy
200 1# - Título y mención de responsabilidad
Título propio Sumarios de la recopilación general de leyes de las Indias Occidentales
Designación general del material texto impreso
Primer mención de responsabilidad Rodrigo de Aguiar y Acuña, Juan Francisco Montemayor y Córdoba de la Cuenca
Declaración de responsabilidad subsiguiente presentación José Luis Soberanes Fernández
-- prólogo Guillermo F. Margadant
-- estudio introductorio Ismael Sánchez Bella
205 ## - Declaración de edición
Declaración de edición 1a ed
210 ## - Publicación, distribución, etc.
Lugar de publicación, distribución, etc. México
Nombre del editor, distribuidor, etc. Fondo de Cultura Económica
Fecha de publicación, distribución, etc. 1994
215 ## - Descripción física
Designación de material específico y extensión del ítem 792 p
Dimensiones 31 cm
300 ## - Notas generales
Texto de la nota Facsimil de la ed. de: México : Francisco Rodríguez Lupercio, 1657
345 ## - Nota de información de adquisición
Fuente de adquisición/dirección de la suscripción [OBSOLETO] Donación del FCE
410 #1 - Series
Título Sección de Obras de Política y Derecho
606 ## - Término temático usado como materia
Elemento de entrada Derecho
Subdivisión temática Historia y crítica
Subdivisión geográfica México
Número Koha 2978
607 ## - Nombre geográfico utilizado como tema
Elemento de entrada México
Subdivisión temática Historia
Subdivisión cronológica Dominación española, 1517-1821
Subdivisión temática Fuentes
Número Koha 2979
660 ## - Código de área geográfica
Código MX
700 ## - Nombre personal - Responsabilidad primaria
Elemento de entrada Aguiar y Acuña
Parte del nombre distinta del elemento de entrada Rodrigo de
Número Koha 2980
701 ## - Nombre personal - Responsabilidad alternativa
Elemento de entrada Montemayor y Córdoba de Cuenca
Parte del nombre distinta del elemento de entrada Juan Francisco
Número Koha 2981
702 ## - Nombre personal - Responsabilidad secundaria
Elemento de entrada Margadant Spanjaerdt
Parte del nombre distinta del elemento de entrada Guillermo Floris
Fechas 1924-2002
Número Koha 2477
702 ## - Nombre personal - Responsabilidad secundaria
Elemento de entrada Sánchez Bella
Parte del nombre distinta del elemento de entrada Ismael
Número Koha 2474
702 ## - Nombre personal - Responsabilidad secundaria
Elemento de entrada Soberanes Fernández
Parte del nombre distinta del elemento de entrada José Luis
Fechas 1950-
Número Koha 2421
801 #0 - Fuente de origen
País FR
Agencia cm
Reglas de catalogación (convenciones descriptivas) AFNOR
942 ## - ELEMENTOS DE ENTRADA SECUNDARIOS (KOHA)
Tipo de ítem Koha Livre
Exemplaires
Estatus retirado Estado de daño Estado de pérdida Fuente de la clasificación o esquema de estantería Fecha de adquisición Biblioteca de origen Biblioteca actual Código de barras Precio de reemplazo Signatura topográfica completa No para préstamo Tipo de ítem Koha Nota no pública
      Clasificación Decimal Dewey 03/02/2026 Casa México Paris Casa México Paris 001384 03/02/2026 F342.7 A282s No se presta a domicilio Livre 751145101